Stranger Things Boi - Statistics

General Stats
  • This quiz has been taken 1,007 times
  • The average score is 10 of 15
Answer Stats
Hint Answer % Correct
Who does Millie Bobby Brown play? Eleven
100%
What is Mikes last name? Wheeler
97%
Who goes missing in season 1? Will
91%
Who is Mike played by? Finn Wolfhard
88%
What is the name of Wills fort? Castle Byers
82%
What is the name of the monster from season 1? Demogorgon
80%
What does Dustin name the Demodog he finds? Dart
72%
^season 2? Mind Flayer
64%
What was the nickname given to Dustin in season 1? Toothless
64%
^Mike? Frog face
52%
What club are the boys in? AV club
51%
While at the table one morning in season 1 Mike asks if Nancy did a lot of studying last night, what does he say when he asks what the test was on? Human anatomy
50%
^Lucas? Midnight
46%
What are mornings for? Coffee and contemplation
45%
What does Wills dad call him? Queer
29%
No matching quizzes found
Score Distribution
Percent of People with Each Score
Percentile by Number Answered
Your Score History
You have not taken this quiz